CH architecture in Switzerland
| Κύριος συγγραφέας: | |
|---|---|
| Μορφή: | Βιβλίο |
| Γλώσσα: | English French German |
| Έκδοση: |
Koln
Taschen
2006
|
| Θέματα: |
| LEADER | 01132nam a2200265 u 4500 | ||
|---|---|---|---|
| 001 | 10074340 | ||
| 003 | upatras | ||
| 005 | 20231109095251.0 | ||
| 008 | 090518s2006 ge eng | ||
| 020 | |a 3822839736 | ||
| 040 | |a ΠΑΝΕΠΙΣΤΗΜΙΟ ΠΑΤΡΑΣ |c ΠΑΝΕΠΙΣΤΗΜΙΟ ΠΑΤΡΑΣ | ||
| 041 | 0 | |a eng |a fre |a ger | |
| 082 | 0 | 4 | |a 720.949 4 |
| 100 | 1 | |a Jodidio, Philip |9 2957 | |
| 245 | 1 | 0 | |a CH |b architecture in Switzerland |c Philip Jodidio |
| 260 | |a Koln |b Taschen |c 2006 | ||
| 300 | |a 192 p. |b ill. |c 31 cm. | ||
| 650 | 4 | |a Αρχιτεκτονική |y 20ος αι. |z Ελβετία |9 60666 | |
| 650 | 4 | |a Αρχιτεκτονική |y 21ος αι. |z Ελβετία |9 60385 | |
| 650 | 4 | |9 73982 |a Αρχιτεκτονική |z Ελβετία |x Ιστορία | |
| 852 | |a GR-PaULI |b ΠΑΤΡΑ |b ΑΡΧΙΤΕΚΤΟΝΙΚΗ |k ΑΣΧΞ-2 |h 720.949 4 JOD |m 006608 |p 025000156135 |t 1 | ||
| 942 | |2 ddc |c BK15 | ||
| 952 | |0 0 |1 0 |4 0 |6 720_949000000000000_4_JOD |7 0 |9 75814 |a ARCH |b ARCH |d 2016-04-24 |i 006608 |l 4 |o 720.949 4 JOD |p 025000156135 |r 2023-03-27 00:00:00 |s 2023-03-27 |t 1 |w 2016-04-24 |y BK15 | ||
| 998 | |c Λοτσάρη |d 2009-05 | ||
| 999 | |c 50585 |d 50585 | ||